| 000 | 00725nam a22001337a 4500 | ||
|---|---|---|---|
| 040 | _cRUA | ||
| 082 | _aAVM THY 2013 B109 Or.1 | ||
| 100 | _aTHY, CHANNA. | ||
| 245 | _aEffect of using DDGS on concentrate for growing performance on pig at angsnoul district kandal province, ឥទ្ធិពលនៃការប្រើប្រាស់DDGS ក្នុងចំណីផ្សំលើការលូតលាស់របស់ជ្រូកសាច់នៅស្រុកអង្គស្នូល ខេត្តកណ្ដាល | ||
| 260 |
_aPhnom Penh _bRUA _c2013 |
||
| 300 |
_aix; 41p. _bill. _c29cm. |
||
| 856 | _uhttps://drive.google.com/file/d/13dZqVeoI4py03p47pNkFNllLnVNKVT59/view?usp=sharing | ||
| 942 | _cAVM | ||
| 999 |
_c2673 _d2673 |
||